| 000 | 00462 a2200169 4500 | ||
|---|---|---|---|
| 001 | 192621 | ||
| 020 | _a978-85-250-4883-7 | ||
| 040 | _cMagnum | ||
| 100 | _aPinto, Ziraldo Alves | ||
| 240 | 1 | 0 |
_aMaluquinho por arte: histórias em que a turma pinta e borda _lpor |
| 245 | 1 | 0 | _aMaluquinho por arte: histórias em que a turma pinta e borda |
| 300 | _a112 | ||
| 362 | 0 | _a2010 | |
| 440 | 1 | _aEditora Globo | |
| 697 | _aLITERATURA INFANTO-JUVENIL | ||
| 942 | _cBK | ||
| 999 |
_c192621 _d192621 |
||